Scrambled 10 letter words II Quiz Stats

 Plays Quiz not verified by Sporcle

Score 0/11 Timer 05:00
0 Plays Today
Clue Word % Correct
TUGJUNERAGjuggernaut
78.8%
SITSITSATCstatistics
72.7%
UHTILEHOGSlighthouse
42.4%
IROPEDCHOTorthopedic
30.3%
BRUCELENUTturbulence
27.3%
ONDONECANSnanosecond
24.2%
ICORRALTHErhetorical
21.2%
COMEPRINTAimportance
21.2%
RUANDLOUTSultrasound
18.2%
Unscramble all the first lettersjournalist
15.2%
OGREATTELLallegretto
15.2%

You're not logged in!

Compare scores with friends on all Sporcle quizzes.
OR
Log In

Show Comments

Extras

Created Oct 23, 2010ReportNominate
Tags:Letter Quiz, scramble

Top Quizzes Today


Score Distribution

Your Account Isn't Verified!

In order to create a playlist on Sporcle, you need to verify the email address you used during registration. Go to your Sporcle Settings to finish the process.

Report this User

Report this user for behavior that violates our Community Guidelines.

Details: